000 01540nam a22002417a 4500
999 _c62101
_d62101
003 Ge_BSU
005 20240710173323.0
008 240710s2021 ge ||||| |||| 00| 0 geo d
020 _a9789941838521
041 _ageo
080 _a58(076.5)კ-98
100 _aკუჭუხიძე, ჯუმბერ
_e ავტორი.
_922771
245 _aპრაქტიკუმი ბოტანიკაში = Practicum in Botany :
_bდამხმარე სახელმძღვანელო თსსუ ფარმაციის ფაკულტეტის და სხვა უმაღლესი საგანმანათლებლო დაწესებულებების ფარმაციის მიმართულების სტუდენტებისათვის /
_cჯუმბერ კუჭუხიძე, მალხაზ ჯოხაძე ; რედ. გიორგი ნახუცრიშვილი.
264 _aთბილისი,
_c 2021.
300 _a180 გვ. :
_b ილ. ;
_c30 სმ.
501 _aსაძიებლები: გვ. 163-173.
504 _aბიბლიოგრაფია: გვ. 162.
653 _aბოტანიკა -- პრაქტიკუმი
653 _aბიოლოგია
700 _aჯოხაძე, მალხაზ
_922772
700 _aნახუცრიშვილი, გიორგი
_e რედაქტორი
_920719
942 _2udc
_cᲬᲘᲒᲜᲘ